Mê Kông ký sự : Phim và ảnh = The Mekong diaries : Film and photos
Trong suốt quá trình thực hiện bộ phim Mê Kông ký sự và hàng chục chuyến ghi hình trên lãnh thổ sáu nước mà dòng sông chảy qua gồm: Trung Quốc, Mianma, Lào, Thái Lan, Campuchia và Việt Nam. Nghệ sỹ nhân dân Phạm Khắc (Phạm Tấn Phước) đã giành...
Đã lưu trong:
| Príomhúdar: | |
|---|---|
| Formáid: | Leabhar |
| Teanga: | Undetermined |
| Foilsithe: |
Hà Nội
Văn nghệ
2009
|
| Ábhair: | |
| Clibeanna: |
Cuir Clib Leis
Gan Chlibeanna, Bí ar an gcéad duine leis an taifead seo a chlibeáil!
|
| Thư viện lưu trữ: | Trung tâm Học liệu Trường Đại học Cần Thơ |
|---|
| LEADER | 01509nam a2200229Ia 4500 | ||
|---|---|---|---|
| 001 | CTU_147971 | ||
| 008 | 210402s9999 xx 000 0 und d | ||
| 020 | |c 600000 | ||
| 082 | |a 915.97 | ||
| 082 | |b Kh113 | ||
| 100 | |a Phạm, Khắc | ||
| 245 | 0 | |a Mê Kông ký sự : | |
| 245 | 0 | |b Phim và ảnh = The Mekong diaries : Film and photos | |
| 245 | 0 | |c Phạm Khắc ; Bài viết: Trần Đức Tuấn | |
| 260 | |a Hà Nội | ||
| 260 | |b Văn nghệ | ||
| 260 | |c 2009 | ||
| 520 | |a Trong suốt quá trình thực hiện bộ phim Mê Kông ký sự và hàng chục chuyến ghi hình trên lãnh thổ sáu nước mà dòng sông chảy qua gồm: Trung Quốc, Mianma, Lào, Thái Lan, Campuchia và Việt Nam. Nghệ sỹ nhân dân Phạm Khắc (Phạm Tấn Phước) đã giành thời gian, tâm huyết cho hoạt động nhiếp ảnh với đề tài sông Mê Kông đã sở hữu một kho tư liệu khoảng 20.000 tắc phẩm. Cuốn sách này là một phần nhỏ trong số đó của ông ghi lại phong tục, tập quán sinh hoạt của cư dân của 6 nước sống hai bên dòng sông này bằng những tấm ảnh tuyệt đẹp. | ||
| 650 | |a Vietnam,Mekong river,Việt Nam,Sông Mê Kông | ||
| 650 | |x Geography,Địa lý | ||
| 904 | |i QHieu | ||
| 980 | |a Trung tâm Học liệu Trường Đại học Cần Thơ | ||